000 01503nam a2200469 i 4500
001 45402
003 KOSZ 005
005 20230110133137.0
008 061010s2004 pl |000 0 pol
015 _aUWD 2006/21604
020 _a8372491283
035 _a991031819969705066
035 _a(PL-WaBN)b18561494-48omnis_nlop
035 _ab18561494
035 _a(OCoLC)838884973
035 _a(PL)b0000001856149
035 _a(EXLNZ-48OMNIS_NETWORK)9910233294205606
040 _aWA N
_cWA N
_dKOSZ 005/HR
046 _k2004
080 _a615.9
100 1 _aBiernat, Jadwiga
_d(1944- )
_eAutor
245 1 0 _aOchrona organizmu :
_bjak być zdrowym w świecie trucizn? /
_cJadwiga Biernat.
250 _aWyd. 1 przetworzone.
260 _aWrocław :
_bWydawnictwo Astrum,
_c[2004].
300 _a179, [2] s. ;
_c20 cm.
336 _aTekst
_btxt
_2rdacontent
337 _aBez urządzenia pośredniczącego
_bn
_2rdamedia
338 _aWolumin
_bnc
_2rdacarrier
380 _aKsiążki
388 _a2001-
490 1 _aZdrowie
500 _aWyd. 1 pt.: Świat trucizn.
504 _aBibliogr. s. [181].
650 7 _aToksykologia
_2DBN
655 7 _aWydawnictwa popularne
_2DBN
658 _aMedycyna i zdrowie
710 2 _aWydawnictwo Astrum
830 0 _aZdrowie - Astrum
856 _uhttp://koha.tu.koszalin.pl/cgi-bin/koha/opac-detail.pl?biblionumber=45402
_yKatalog online BPK
942 _2UKD
_cKS
999 _c45402
_d45402